| 000 | 00387nam a2200145Ia 4500 | ||
|---|---|---|---|
| 008 | 150201s2013 xx 000 0 und d | ||
| 082 |
_a614.1 _bE13R |
||
| 100 | _aREDDY, KS. NARAYAN | ||
| 245 | _aTHE ESSENTIALS OF FORENSIC MEDICINE & TOXICOLOGY | ||
| 250 | _a32TH | ||
| 260 |
_bK. SUGUNA DEVI _aHYD INDIA _c2013 |
||
| 300 | _a1-651 | ||
| 650 | _aFORENSIC MEDICINE | ||
| 942 |
_2ddc _cBK _013 |
||
| 999 |
_c1774 _d1774 |
||